Statystyki dla Powiaty graniczące z innymi województwami

Kliknij tutaj aby rozwiązać quiz!

Ogólne statystyki

  • Ten quiz został rozwiązany 57 razy
  • Średni wynik to 109 z 176

Statystyki odpowiedzi

WojewództwoPowiaty% Poprawnych
oławski
79%
śląskieraciborski
79%
częstochowski
77%
bialski
75%
brzeski
75%
głogowski
75%
łowicki
73%
sandomierski
73%
stalowowolski
73%
tarnobrzeski
73%
tomaszowski
73%
gliwicki
71%
kutnowski
71%
nowosolski
71%
oświęcimski
71%
lubelskiepuławski
71%
siedlecki
71%
skierniewicki
71%
pomorskiesłupski
71%
podlaskiesuwalski
71%
włocławski
71%
lubuskieżarski
71%
Dolnośląskiezgorzelecki
71%
bielski
69%
bytowski
69%
elbląski
69%
gorlicki
69%
kaliski
69%
kluczborski
69%
malborski
69%
opolskienyski
69%
oleśnicki
69%
pilski
69%
radomszczański
69%
sieradzki
69%
tarnowski
69%
chojnicki
67%
dębicki
67%
gorzowski
67%
iławski
67%
kędzierzyńsko-kozielski
67%
kłobucki
67%
leszczyński
67%
lubliniecki
67%
mławski
67%
namysłowski
67%
opatowski
67%
opoczyński
67%
rawski
67%
skarżyski
67%
wadowicki
67%
wieluński
67%
buski
65%
ełcki
65%
górowski
65%
grudziądzki
65%
podkarpackiejasielski
65%
koniński
65%
miechowski
65%
mielecki
65%
ostrowski
65%
płocki
65%
polkowicki
65%
radomski
65%
rycki
65%
sławieński
65%
starachowicki
65%
starogardzki
65%
turecki
65%
wałecki
65%
łódzkiewieruszowski
65%
świętokrzyskiewłoszczowski
65%
żagański
65%
zawierciański
65%
żywiecki
65%
bolesławiecki
63%
chrzanowski
63%
gnieźnieński
63%
janowski
63%
koszaliński
63%
milicki
63%
nowodworski
63%
oleski
63%
ostrołęcki
63%
pajęczański
63%
strzeliński
63%
wschowski
63%
wysokomazowiecki
63%
ząbkowicki
63%
zielonogórski
63%
augustowski
60%
będziński
60%
wielkopolskiekępiński
60%
kolski
60%
kwidzyński
60%
łomżyński
60%
łosicki
60%
międzyrzecki
60%
olecki
60%
olkuski
60%
pińczowski
60%
piski
60%
sierpecki
60%
strzelecki
60%
szczecinecki
60%
trzebnicki
60%
złotowski
60%
biłgorajski
58%
garwoliński
58%
mazowieckiegrójecki
58%
jędrzejowski
58%
kazimierski
58%
kraśnicki
58%
łęczycki
58%
lubaczowski
58%
nidzicki
58%
opolski
58%
ostrzeszowski
58%
strzelecko-drezdenecki
58%
małopolskiesuski
58%
świebodziński
58%
kujawsko-pomorskietucholski
58%
zambrowski
58%
żniński
58%
brodnicki
56%
działdowski
56%
głubczycki
56%
gostyniński
56%
kolneński
56%
konecki
56%
lipnowski
56%
łukowski
56%
niżański
56%
nowomiejski
56%
poddębicki
56%
pszczyński
56%
rawicki
56%
siemiatycki
56%
sztumski
56%
wągrowiecki
56%
żuromiński
56%
warmińsko-mazurskiebraniewski
54%
człuchowski
54%
dąbrowski
54%
lipski
54%
międzychodzki
54%
zachodniopomorskiemyśliborski
54%
nakielski
54%
nowotomyski
54%
ostródzki
54%
przasnyski
54%
przysuski
54%
sępoleński
54%
szydłowiecki
54%
grajewski
52%
kozienicki
52%
mogileński
52%
sochaczewski
52%
sokołowski
52%
staszowski
52%
szczycieński
52%
tarnogórski
52%
wolsztyński
52%
zwoleński
52%
bieruńsko-lędziński
50%
czarnkowsko-trzcianecki
50%
krotoszyński
50%
miński
50%
proszowicki
50%
słupecki
50%
chodzieski
48%
choszczeński
48%
leżajski
48%
radziejowski
48%

Rozkład punktacji

Percentyl według liczby udzielonych odpowiedzi

Procent ludzi z każdym wynikiem

Twoja historia wyników

Nie rozwiązałeś tego quizu